000 00444nam a2200145Ia 4500
008 220203s9999 xx 000 0 und d
100 _aK. Tharian George
245 2 _aA Compendium of Logistic Support to External Trade Policies in the Rubber Sector
260 _bRubber Research Institute of India
_aKottayam
_c2005
700 _aBinny Chandy
700 _aJoby Joseph
700 _aP. K. Viswanathan
700 _aToms Joseph
942 _cPN
999 _c45060
_d45060